Statistiques concernant Pays visités par Koh Lanta

Cliquez ici pour prendre le quiz!

Statistiques générales

  • Ce quiz a été pris 123 fois
  • Le résultat moyen est 8 sur 13

Statistiques - réponses

Pays% Correct
Philippines
80%
Thailande
80%
Fidji
79%
Indonesie
79%
Viet Nam
77%
Cambodge
75%
France
71%
Malaisie
70%
Palaos
54%
Vanuatu
52%
Brésil
41%
Costa Rica
39%
Panama
33%

Distribution des résultats

Percentile par nombre de réponses

% des personnes avec chaque résultat

Votre développement - résultats

Vous n’avez pas pris ce quiz